| 000 -LEADER |
| fixed length control field |
02055cam a2200349 a 4500 |
| 001 - CONTROL NUMBER |
| control field |
14168798 |
| 005 - DATE AND TIME OF LATEST TRANSACTION |
| control field |
20170105102913.0 |
| 008 - FIXED-LENGTH DATA ELEMENTS--GENERAL INFORMATION |
| fixed length control field |
041215s2004 ts b 100 0 eng d |
| 010 ## - LIBRARY OF CONGRESS CONTROL NUMBER |
| LC control number |
2005476832 |
| 020 ## - INTERNATIONAL STANDARD BOOK NUMBER |
| International Standard Book Number |
9948006593 (HBK) |
| 020 ## - INTERNATIONAL STANDARD BOOK NUMBER |
| International Standard Book Number |
9948006585 (pbk.) |
| 035 ## - SYSTEM CONTROL NUMBER |
| System control number |
(OCoLC)ocm57230960 |
| 040 ## - CATALOGING SOURCE |
| Original cataloging agency |
ECSSR |
| Transcribing agency |
ECSSR |
| Modifying agency |
OCLCQ |
| -- |
IXA |
| -- |
WAU |
| -- |
CSB |
| -- |
DLC |
| 042 ## - AUTHENTICATION CODE |
| Authentication code |
lccopycat |
| 043 ## - GEOGRAPHIC AREA CODE |
| Geographic area code |
ap----- |
| 050 00 - LIBRARY OF CONGRESS CALL NUMBER |
| Classification number |
DS247.A138 |
| Item number |
I58 2004 |
| 245 00 - TITLE STATEMENT |
| Title |
International interests in the Gulf Region / |
| Statement of responsibility, etc. |
Emirates Center for Strategic Studies and Research. |
| 260 ## - PUBLICATION, DISTRIBUTION, ETC. |
| Place of publication, distribution, etc. |
Abu Dhabi : |
| Name of publisher, distributor, etc. |
Emirates Center for Strategic Studies and Research, |
| Date of publication, distribution, etc. |
2004. |
| 300 ## - PHYSICAL DESCRIPTION |
| Extent |
xv, 204 p. ; |
| Dimensions |
24 cm. |
| 500 ## - GENERAL NOTE |
| General note |
Papers presented to the symposium entitled "International Interests in the Gulf Region," March 15-16 2004, Abu Dhabi, UAE, organized by the Emirates Center for Strategic Studies and Research. |
| 504 ## - BIBLIOGRAPHY, ETC. NOTE |
| Bibliography, etc. note |
Includes bibliographical references. |
| 505 20 - FORMATTED CONTENTS NOTE |
| Title |
Introduction: major powers and their interests in the Gulf -- |
| -- |
The gulf in the context of Russian foreign policy / |
| Statement of responsibility |
Nikolai Zlobin -- |
| Title |
French policy in the Gulf: opportunities, challenges and implications / |
| Statement of responsibility |
Pascal Boniface -- |
| Title |
Germany and the Gulf: on the way to a policy? / |
| Statement of responsibility |
Volker Perthes -- |
| Title |
US policy priorities in the Gulf: challenges and choices / |
| Statement of responsibility |
Martin Indyk -- |
| Title |
Britain's strategic approach to the Gulf / |
| Statement of responsibility |
Rosemary Hollis. |
| 651 #0 - SUBJECT ADDED ENTRY--GEOGRAPHIC NAME |
| Geographic name |
Persian Gulf Region |
| General subdivision |
Foreign relations |
| Form subdivision |
Congresses. |
| 651 #0 - SUBJECT ADDED ENTRY--GEOGRAPHIC NAME |
| Geographic name |
Persian Gulf Region |
| General subdivision |
Strategic aspects |
| Form subdivision |
Congresses. |
| 710 2# - ADDED ENTRY--CORPORATE NAME |
| Corporate name or jurisdiction name as entry element |
Markaz al-Imārāt lil-Dirāsāt wa-al-Buḥūth al-Istirātījīyah. |
| 856 41 - ELECTRONIC LOCATION AND ACCESS |
| Materials specified |
Table of contents |
| Uniform Resource Identifier |
<a href="http://www.loc.gov/catdir/toc/fy0602/2005476832.html">http://www.loc.gov/catdir/toc/fy0602/2005476832.html</a> |
| 856 42 - ELECTRONIC LOCATION AND ACCESS |
| Materials specified |
Contributor biographical information |
| Uniform Resource Identifier |
<a href="http://www.loc.gov/catdir/enhancements/fy0809/2005476832-b.html">http://www.loc.gov/catdir/enhancements/fy0809/2005476832-b.html</a> |
| 856 42 - ELECTRONIC LOCATION AND ACCESS |
| Materials specified |
Publisher description |
| Uniform Resource Identifier |
<a href="http://www.loc.gov/catdir/enhancements/fy0809/2005476832-d.html">http://www.loc.gov/catdir/enhancements/fy0809/2005476832-d.html</a> |
| 906 ## - LOCAL DATA ELEMENT F, LDF (RLIN) |
| a |
7 |
| b |
cbc |
| c |
copycat |
| d |
3 |
| e |
ncip |
| f |
20 |
| g |
y-gencatlg |
| 942 ## - ADDED ENTRY ELEMENTS (KOHA) |
| Source of classification or shelving scheme |
|
| Koha item type |
Book |